Kaviccakkaravartti Oṭṭakkūttar iyar̲r̲iya Mūvarulā. (Record no. 83224)

MARC details
000 -LEADER
fixed length control field 00959cam a22003011 4500
001 - CONTROL NUMBER
control field sa 68009892
003 - CONTROL NUMBER IDENTIFIER
control field DLC
005 - DATE AND TIME OF LATEST TRANSACTION
control field 20260227112548.0
008 - FIXED-LENGTH DATA ELEMENTS--GENERAL INFORMATION
fixed length control field 950221s1967 ii 000 0 tamo
010 ## - LIBRARY OF CONGRESS CONTROL NUMBER
LC control number sa 68009892
025 ## - OVERSEAS ACQUISITION NUMBER
Overseas acquisition number PL480:I-T-2107
035 ## - SYSTEM CONTROL NUMBER
System control number (OCoLC)32029478
040 ## - CATALOGING SOURCE
Original cataloging agency DLC
Transcribing agency CU
Modifying agency CU
-- DLC
042 ## - AUTHENTICATION CODE
Authentication code premarc
050 00 - LIBRARY OF CONGRESS CALL NUMBER
Classification number PL4758.9.O8
Item number M8 1967
100 0# - MAIN ENTRY--PERSONAL NAME
Personal name Oṭṭakkūttar,
Dates associated with a name active 12th century.
245 10 - TITLE STATEMENT
Title Kaviccakkaravartti Oṭṭakkūttar iyar̲r̲iya Mūvarulā.
250 ## - EDITION STATEMENT
Edition statement [1st ed.]
260 ## - PUBLICATION, DISTRIBUTION, ETC.
Date of publication, distribution, etc. 1967.
300 ## - PHYSICAL DESCRIPTION
Extent 3 v. in 1.
Dimensions 19 cm.
490 0# - SERIES STATEMENT
Series statement Kal̲aka veḷiyīṭu ;
Volume/sequential designation 1290
500 ## - GENERAL NOTE
General note In Tamil.
600 00 - SUBJECT ADDED ENTRY--PERSONAL NAME
Personal name Vikrama Chola,
Titles and other words associated with a name Chola King,
Dates associated with a name active 1118-1133
Form subdivision Poetry.
600 00 - SUBJECT ADDED ENTRY--PERSONAL NAME
Personal name Kulottunga
Numeration II,
Titles and other words associated with a name Chola King,
Dates associated with a name active 1133-1146
Form subdivision Poetry.
600 00 - SUBJECT ADDED ENTRY--PERSONAL NAME
Personal name Rajaraja Chola,
Titles and other words associated with a name King,
Dates associated with a name active 1146-1173
Form subdivision Poetry.
700 2# - ADDED ENTRY--PERSONAL NAME
Personal name Caṅkup Pulavar, Tirumalai Vēlukkavirāyar,
Dates associated with a name 1893-
740 0# - ADDED ENTRY--UNCONTROLLED RELATED/ANALYTICAL TITLE
Uncontrolled related/analytical title Mūvarulā.

No items available.

Powered by Koha